000 00423nam a2200133Ia 4500
008 231129s2016||||xx |||||||||||||| ||spa||
020 _a978-958-8859-26-2
082 _aDL332.64 E43o
100 _aEcheverri Martí­n Alonso.
245 0 _aOperación Bursátil en el mercado de renta fija
260 _c2016
264 _aPereira : Universidad libre Seccional Pereira
942 _2ddc
_cBKS
999 _c22111
_d22111